George W. Wheelock and others. Letter from the Chief Clerk of the Court of Claims transmitting a copy of the findings of the court in the case of George W. Wheelock and others against the United States.

Bibliographic Details
Corporate Authors: United States. Congress. Senate. Committee on Claims, ProQuest (Firm)
Format: eBook
Language:English
Published: Washington : [publisher not identified], 1911.
Series:United States congressional serial set.
Subjects:
Online Access:Connect to the full text of this electronic book

MARC

Tag First Indicator Second Indicator Subfields
LEADER 00000cam a22000001a 4500
001 in00003051698
005 20190402183547.0
006 m o d
007 cr un mmmapmmp
008 070626s1911 dcud o f000 0 eng d
035 |a cis2004139712 
040 |a UMI  |c UMI  |d UtOrBLW 
043 |a n-us--- 
099 |a ProQuest Serial Set Number 6180 S.doc.121 
110 1 |a United States.  |b Congress.  |b Senate.  |b Committee on Claims. 
245 1 0 |a George W. Wheelock and others. Letter from the Chief Clerk of the Court of Claims transmitting a copy of the findings of the court in the case of George W. Wheelock and others against the United States. 
246 1 |a Findings of Court of Claims in case of George W. Wheelock and others 
264 1 |a Washington :  |b [publisher not identified],  |c 1911. 
300 |a 1 online resource. 
336 |a text  |b txt  |2 rdacontent 
337 |a computer  |b c  |2 rdamedia 
338 |a online resource  |b cr  |2 rdacarrier 
490 0 |a S.doc.121 
500 |a Record is based on bibliographic data in ProQuest U.S. Serial Set Digital Collection (last viewed June 2007). Reuse except for individual research requires license from ProQuest, LLC. 
510 3 |a ProQuest U.S. Serial Set Digital Collection 
500 |a Electronic resource. 
610 1 0 |a United States.  |b Congress  |v Private bills. 
650 0 |a Bills, Private  |z United States. 
651 0 |a United States  |x Claims. 
655 7 |a Electronic books.  |2 local 
710 2 |a ProQuest (Firm) 
830 0 |a United States congressional serial set. 
856 4 0 |u http://proxy.library.tamu.edu/login?url=http://congressional.proquest.com/congcomp/getdoc?SERIAL-SET-ID=6180+S.doc.121  |z Connect to the full text of this electronic book  |t 0 
999 |a MARS 
999 f f |s f2ec8e0c-88b1-36db-824d-668c40938a0d  |i 9f784c41-2c92-34a3-bd8d-09db388466c2  |t 0 
952 f f |a Texas A&M University  |b College Station  |c Electronic Resources  |d Available Online  |t 0  |e ProQuest Serial Set Number 6180 S.doc.121  |h Other scheme 
998 f f |a ProQuest Serial Set Number 6180 S.doc.121  |t 0  |l Available Online